000 00500nam a2200205Ia 4500
003 OSt
005 20251205113546.0
008 250729s2005 xx 000 0 und d
020 _a ‎ 978-8171419739
040 _cAL
041 _aeng
082 _a370.78 GANL
100 _aGanihar N
_9225802
245 _aLeadership behaviour and teacher morale
260 _aNew Delhi
_c2005
300 _a275p
650 _aEducation
_9225803
700 _aRao Digumurthi
_9225804
942 _2ddc
_cBED
999 _c237080
_d237080